000
00195 a2200097 4500
001
14919
100
_a
Anderson J.D
245
_a
260
_a
London
_b
D Van nostrand
_c
090
_c
11686
_d
11686
942
_a
NUST-CAE
_c
M
_c
1876
999
_c
249992
_d
249992